000 00550nam a2200193Ia 4500
005 20250423100349.0
008 250422s9999 xx 000 0 und d
020 _a9780367897215
050 _aPN 4784 .M43/
100 _aMedoff, Norman J
245 0 _aNow media : the evolution of electronic communication
250 _a4th ed.
260 _aNew York
260 _bRoutledge
260 _c2021
300 _a436 p
650 _a Broadcasting--History. Mass media--History. Digital media--History. Telecommunication--History.
942 _cBK
999 _c33082
_d33082